000
00291 a2200121 4500
001
18326
082
_a
519.7GAL
090
_c
13618
_d
13618
100
_a
Gallager, R.G
245
_a
Information theory reliable communication
260
_b
John wiley
_c
1968
500
_a
MS textbook Avionics
942
_a
NUST-CAE
_k
519.7GAL
999
_c
253399
_d
253399